[Event "BCF-chT3Sb 1920 (4NCL)"]
[Site "England"]
[Date "2020.02.09"]
[Round "6.73"]
[White "Cooper, Paul F"]
[Black "Burrows, Nick"]
[Result "1/2-1/2"]
[WhiteElo "2050"]
[BlackElo "2072"]
[PlyCount "62"]
[EventDate "2019.11.09"]
[EventType "team-tourn"]
[EventRounds "11"]
[EventCountry "ENG"]
[SourceTitle "EXT 2023"]
[Source "ChessBase"]
[SourceDate "2022.10.05"]
[SourceVersion "1"]
[SourceVersionDate "2022.10.05"]
[SourceQuality "1"]
[WhiteTeam "Wessex II"]
[BlackTeam "Oxford II"]
[WhiteTeamCountry "ENG"]
[BlackTeamCountry "ENG"]

1. c4 e6 2. g3 f5 3. Bg2 Nf6 4. Nc3 c6 5. b3 d5 6. e3 Bd6 7. Nge2 0-0 8. 0-0 Qe7 9. Bb2 Nbd7 10. Qc2 Ne5 11. d4 Neg4 12. h3 Nh6 13. Nf4 Ne4 14. Nd3 Bd7 15. Ne2 Nf7 16. Ne5 Nxe5 17. dxe5 Ba3 18. Bxa3 Qxa3 19. Rfc1 Qe7 20. h4 b6 21. f3 Nc5 22. b4 Na6 23. a3 Rfc8 24. c5 bxc5 25. bxc5 Rcb8 26. Nd4 Rb7 27. Bf1 Nc7 28. Rab1 Rab8 29. Rxb7 Rxb7 30. Qc3 g5 31. hxg5 Qxg5 1/2-1/2